书目信息 |
| 题名: |
封闭式制冷机
|
|
| 作者: | 川平睦义 著 ;张友良 , 彭伯彦 译 | |
| 分册: | ||
| 出版信息: | 北京 轻工业出版社 1987.4 |
|
| 页数: | 451页 | |
| 开本: | 26cm | |
| 丛书名: | ||
| 单 册: | ||
| 中图分类: | TB651 | |
| 科图分类: | ||
| 主题词: | 制冷--机械 , 制冷--设备 | |
| 电子资源: | ||
| ISBN: | ||
| 000 | 00623nam0 2200229 45 | |
| 001 | 0312221749 | |
| 005 | 20031222170907.7 | |
| 010 | @dCNY7.25 | |
| 100 | @a20031222d1987 km y0chiy0120 ea | |
| 101 | @achi | |
| 105 | @a z 000yy | |
| 200 | 1 | @a封闭式制冷机@AFeng Bi Shi Zhi Leng Ji@f川平睦义著@FChuan Ping Mu Yi Zhu@g张友良,彭伯彦译 |
| 210 | @a北京@c轻工业出版社@d1987.4 | |
| 215 | @a451页@d26cm | |
| 606 | 0 | @a制冷@x机械 |
| 606 | 0 | @a制冷@x设备 |
| 690 | @aTB651@v3 | |
| 701 | 0 | @a川平睦义@4著 |
| 702 | 0 | @a张友良@4译 |
| 702 | 0 | @a彭伯彦@4译 |
| 801 | @aCN@bTSTCL@c20031222 | |
| 905 | @a213230@dTB651@e7@b208147@f1 | |
| 封闭式制冷机/川平睦义著/张友良,彭伯彦译.-北京:轻工业出版社,1987.4 |
| 451页;26cm |
| ISBN :CNY7.25 |
| ● |
| 相关链接 |
|
|
|
|
正题名:封闭式制冷机
索取号:TB651/7
 
预约/预借
| 序号 | 登录号 | 条形码 | 馆藏地/架位号 | 状态 | 备注 |
| 1 | 0208147 | 001471400 | 第二样本阅览室/ [索取号:TB651/7] | 在馆 |